Quizzes
Events
Quiz Creation
Community
Videos
Private Events
Remove Ads
Sign In
Join for FREE
Feedback
Dark Mode
Quiz Categories
Sports
Geography
Music
Movies
Television
Just For Fun
Miscellaneous
History
Literature
Language
Science
Gaming
Entertainment
Religion
Holiday
For Kids
Quiz Lab
Recent
Popular Today
Quiz Kudos Today
Editor Picks
Curator Picks
Quizzes by...
Day
Popularity
Type
Ratings
Length
Year
Community
Subscriptions
Recent Discussions
Orange Saloon
Badges
Playlists
Quests
Create
Leaderboards
Showdown
Live 5
Trivia Bingo
Activity
Puzzle Library
Sporcle Events
Private Events
Virtual Trivia
Globe League
Become a Host
Pub Owners
SporcleCon
Opinionation
Our Games
Videos
Blog
Mobile Apps
Partnerships
Remove Ads and Go Orange
Feedback
Entertainment
Celebrity
Famous
Musical
Broadway
Show
Quote
Comic Books
Anime
Superhero
DC Comics
Marvel
Cartoons
Animation
Entertainment
Celebrity
Famous
Musical
Broadway
Show
Quote
Comic Books
Anime
Superhero
DC Comics
Marvel
Cartoons
Animation
Random Quiz
Search Sporcle
×
Quiz Lab
Quiz Lab
Entertainment
Anime
Type answers based on single images at one time
Type answers based on single images at one time
Slideshow
Best Score? Go Orange.
Can You Name All The Stands Featured In JoJo? Stats
Can You Name All The Stands Featured In JoJo's Bizarre Adventure? (According to Wikipedia)
By
MetalBae
20m
147 Questions
25.9K Plays
25,914 Plays
25,914 Plays
Comments
Comments
Give Quiz Kudos
Give Quiz Kudos
-
- Ratings
hide this ad
Replay
Link that replays current quiz
Next Quiz
Link to next quiz in quiz playlist
You Got
0%
They Got
Avg Score
45%
Avg Friend Score
Upgrade to see
Score Distribution
Jump to the score distribution portion of the page
Score
0/147
Timer
20:00
0
Plays Today
% Correct
Star Platinum
96.5%
The World
90.4%
Silver Chariot
89.9%
Hermit Purple
89.8%
Hierophant Green
87.7%
Magician's Red
87.7%
The Fool
86.1%
Sun
79.5%
Death 13
77%
Emperor
76.3%
Tower Of Gray
76.2%
The Hand
76.1%
Killer Queen
76%
Crazy Diamond
75.4%
Heavens Door
73.4%
Strength
72.4%
Echoes
72%
Cream
69.3%
Hanged Man
68.4%
Sticky Fingers
68.2%
Lovers
67.4%
Bad Company
67.3%
Sex Pistols
66.7%
Wheel of Fortune
66.1%
Justice
65.9%
Anubis
65.8%
Yellow Temperance
65.4%
King Crimson
65.4%
Purple Haze
64.7%
Empress
63.9%
Moody Blues
63.8%
Gold Experience
63.6%
Aerosmith
63.6%
Dark Blue Moon
63.5%
Spice Girl
62.2%
Harvest
62.2%
Gold Experience Requiem
59.4%
Highway Star
58.3%
Stone Free
58.4%
Stray Cat
56.4%
Geb
56.2%
Black Sabbath
55.9%
Love Deluxe
55.6%
Ebony Devil
55.5%
Earth Wind and Fire
55.5%
Metallica
55.4%
Ratt
55%
Whitesnake
54.8%
Pearl Jam
54.7%
% Correct
Super Fly
54.7%
The Lock
54.2%
Weather Report
53.9%
Beach Boy
53.9%
Kiss
53.6%
Aqua Necklace
53%
Green Day
53%
Made in Heaven
52.3%
Mr. President
52.1%
White Album
51.3%
Man in The Mirror
51.2%
Bastet
51%
Achtung Baby
50.9%
Notorious B.I.G
50.3%
C-Moon
50.3%
Cinderella
50.3%
Foo Fighters
50.2%
High Priestess
50%
Cheap Trick
49.8%
Rolling Stone
49.8%
Tusk
49.5%
Red Hot Chili Peppers
49.4%
Baby Face
48.6%
Diver Down
47.7%
Chariot Requiem
47.6%
Horus
47.3%
Little Feet
47.1%
Dirty Deeds Done Dirt Cheap
46.8%
Atom Heart Father
46.2%
Osiris
46%
The Grateful Dead
46%
Surface
45%
Oasis
43%
Khnum
42.6%
Scary Monsters
42.6%
Tohth
42.5%
Clash
42%
Kraft Work
41.2%
Talking Head
41.2%
Atum
39.8%
Judgment
39.7%
Sethan
39.5%
Soft & Wet
39.2%
Survivor
38.4%
Burning Down the House
37.6%
Tenor Sax
37.6%
Goo Goo Dolls
37.2%
Ball Breaker
37.1%
Highway to Hell
35.7%
% Correct
Bohemian Rhapsody
35.5%
Soft Machine
34.6%
Hey Ya!
33.3%
Dragon's Dream
31.1%
Limp Bizkit
30.6%
Manhattan Transfer
30.6%
Boy II Men
29.5%
Cream Starter
29.5%
Marilyn Manson
29.3%
Yo-Yo Ma
29.2%
Jail House Lock
27.4%
Under World
26.7%
Jumpin' Jack Flash
26.4%
Catch the Rainbow
25.5%
Mandom
25.2%
Sky High
24.8%
Green Green Grass of Home
24.2%
Chocolate Disco
23.9%
Planet Waves
23.9%
Ticket to Ride
22.9%
Paisley Park
22.6%
Oh! Lonesome Me
22.3%
Civil War
21.9%
In a Silent Way
21.4%
Nut King Call
21.1%
King Nothing
21.1%
Born This Way
19.7%
California King Bed
19.2%
Tomb of the Boom
18.7%
Tubular Bells
18.7%
Fun Fun Fun
18.5%
Wired
18.4%
Tatoo You!
17.4%
20th Century Boy
17.1%
Paper Moon King
17.1%
Speed King
16.7%
Doggy Style
16.5%
Vitamin C
15.4%
Boku no Rhythm wo Kiitekure
14.5%
I Am a Rock
14.3%
Milagro Man
12.8%
Love Love Deluxe
12.1%
Blue Hawaii
10.8%
Les Feuilles
9.6%
Walking Heart
9.3%
Doobie Wah!
9.1%
Schott Key No. 1
9.1%
Schott Key No. 2
9%
Sugar Mountain's Spring
8.4%
Quiz Playlist
Details
Report
Send in Message
Add To Playlist
Slideshow:
Type answers based on single images at one time
Last Updated: Jul 19, 2017
Quiz Scoreboard
CHALLENGE
Sign Up to Join the Scoreboard
Show All
Scores
Hide
Comments
May contain spoilers
Recently Published
Alphabetical 'K' Countries by Flag Minefield
by ylime102
Geography
3m
Pick 6: Fruits
by JohnFran
Miscellaneous
15s
Click the 1999 NBA Draft
by nibperrychub
Sports
2m
More to Explore
Quiz From the Vault
Featured Blog Post
15 Basketball Trivia Facts You Can Be March Mad About
hide this ad
You Might Also Like...
Tags
Anime Quiz
Japanese Quiz
TV Show Quiz
Today's Top Quizzes in Entertainment
Browse Entertainment
hide this ad
Today's Top Quizzes in Anime
Browse Anime
Top Contributed Quizzes in Entertainment
1
The Joker Actors by Order
2
Spider-Man Actors by Order
3
The Incredible Hulk Actors by Order
4
Superman Actors by Order
5
Catwoman Actresses by Order
6
The Penguin Actors by Order
7
The Riddler Actors by Order
8
Nickname Match: Pop Culture Kings
9
Two-Face Actors by Order
10
Marvel Picture Find: Capcom
Explore More
Trending Topics
Kpop
NBA
Marvel
Anime
Disney
Harry Potter
Crossword
Puzzle
Song
The Office
NFL
Soccer
WWE
Pokémon
Country
hide this ad
More By:
MetalBae
Quiz
Plays
Rating
Category
Featured
Created
Can You Name All The Stands Featured In JoJo?
25,914
3.30
Entertainment
Jul 13, 2017
My Husbandos (and Waifus) Are Trash Quiz
819
4.00
Television
Dec 28, 2018
My Favorite Anime Characters
486
2.67
Television
Jun 29, 2017
Names of Popular Slash Anime Ships
429
4.25
Entertainment
Dec 6, 2018
Go to Creator's Profile
Score Distribution
Quiz Creator Spotlight
MetalBae
Follow
Send a Message
Quizzes Created
-
Created Quiz Play Count
-
More By This Creator
Popular Quizzes Today
1
Match the Book to the Film X
2
DC Extended Universe: Oldest to Newest
3
Medical Shows by Picture
4
Keanu Reeves Movies
5
'Inside Out' Cast
6
Animal Sorting Blitz
7
Least Populous Country of World per Letter Minefield
8
McDonald's or Burger King?
More Entertainment Quizzes
Fun and Games with Jimmy Fallon
Published
Trending Quizzes
First Name TV: Leading Men
Match the Book to the Film II
First Name TV: Leading Women Drama
Match the Book to the Film VI
Pick A Pair: Religious TV
Recently Updated
Women's Final Four Teams by Year
bhenderson79
Presidents Quartet II
eogle
Anything But Clue(do)
eogle
Anything But Oceanian Capitals
eogle
Anything But 7
eogle
Anything But Thing
eogle
Word Ladder: February 29
pecheneg
Song Title Questions
pecheneg
Women's NCAA Tournament #1 Seeds
pecheneg
Celebrity Mug Shots
pecheneg
Trending Topics
Harry Potter
Crossword
NBA
Anime
Disney
Marvel
Kpop
Puzzle
Soccer
NFL
WWE
The Office
Country
Song
Pokémon
Your Account Isn't Verified!
In order to create a playlist on Sporcle, you need to verify the email address you used during registration. Go to your
Sporcle Settings
to finish the process.
Report this User
Report this user for behavior that violates our
Community Guidelines
.
Details:
Send Report
Go to the Sporcle.com Mobile Site →
Comments